000 00487nam a22001697a 4500
005 20251108165806.0
008 250721s2001 xx 000 0 ara d
082 1 4 _a211.18/فقي
100 1 _aالفقير، نوح
245 1 0 _aكنزان من تحت عرش الرحمن كافيان /
264 1 _aعمان :
_bالمرؤلف،
_c2001.
300 _a32ص
650 1 7 _aالقرآن الكريم
650 1 7 _aالأيات القرآنية
942 _2ddc
_cBK
999 _c31420
_d31420